[Event "Schachfestival Basel"]
[Site "?"]
[Date "2017.01.06"]
[Round "6.42"]
[White "Sieber, Fiona"]
[Black "Lumsdon, Andrew"]
[Result "1-0"]
[WhiteElo "2203"]
[BlackElo "1994"]
[PlyCount "67"]
[EventDate "2017.01.??"]
[EventType "swiss"]
[EventRounds "9"]

1. e4 c6 2. d4 d5 3. e5 Bf5 4. Nf3 e6 5. Be2 Nd7 6. O-O Ne7 7. Nh4 c5 8. c3
Bxb1 9. Rxb1 Nc6 10. Nf3 Be7 11. Bd2 a6 12. b4 c4 13. a4 b5 14. g3 O-O 15. a5
f6 16. exf6 Bxf6 17. Bf4 Qe7 18. Re1 g5 19. Be3 Rad8 20. Qc1 h6 21. h4 g4 22.
Nh2 h5 23. f3 e5 24. Bh6 Rfe8 25. Qd2 Qf7 26. dxe5 Bxe5 27. fxg4 hxg4 28. Qg5+
Kh8 29. Nxg4 Bxc3 30. Rf1 Bd4+ 31. Kh1 Qh7 32. Bf3 Nde5 33. Nf6 Nxf3 34. Bg7+
1-0

[Event "Schachfestival Basel"]
[Site "?"]
[Date "2017.01.06"]
[Round "6.43"]
[White "Graeber, Fabien"]
[Black "Ditter, Juergen"]
[Result "0-1"]
[WhiteElo "2073"]
[BlackElo "2140"]
[PlyCount "106"]
[EventDate "2017.01.??"]
[EventType "swiss"]
[EventRounds "9"]

1. d4 Nf6 2. c4 g6 3. Nc3 Bg7 4. e4 d6 5. f3 O-O 6. Be3 c5 7. Nge2 Nc6 8. d5
Ne5 9. Ng3 h5 10. Be2 h4 11. Nf1 e6 12. Qd2 exd5 13. cxd5 Re8 14. Bg5 h3 15. g4
a6 16. a4 Rb8 17. Ng3 b5 18. axb5 axb5 19. O-O c4 20. Be3 Re7 21. Bd4 Nfd7 22.
Kh1 Nc5 23. Bxc5 dxc5 24. g5 b4 25. Nd1 Reb7 26. Rc1 Ra7 27. f4 c3 28. bxc3
bxc3 29. Nxc3 Nc6 30. e5 Nd4 31. Rb1 Rxb1 32. Rxb1 Ra3 33. Bc4 Bg4 34. Qe3 Qa5
35. Rc1 Qb4 36. Bf1 Qb2 37. Nge4 Nf3 38. Nf2 Bh5 39. Ncd1 Qb4 40. Rc3 Ra1 41.
Be2 Nh4 42. Bxh5 gxh5 43. Rb3 Qc4 44. Rd3 Ng2 45. Qe4 Qxe4 46. Nxe4 Nxf4 47.
Rd2 Bxe5 48. d6 Bd4 49. Nf6+ Kg7 50. Nxh5+ Nxh5 51. d7 Ra8 52. Ne3 Kg6 53. Nc2
Kf5 0-1

[Event "Schachfestival Basel"]
[Site "?"]
[Date "2017.01.06"]
[Round "6.44"]
[White "Faraone, Ettore"]
[Black "Jaber, Daniel"]
[Result "0-1"]
[WhiteElo "2033"]
[BlackElo "2135"]
[PlyCount "90"]
[EventDate "2017.01.??"]
[EventType "swiss"]
[EventRounds "9"]

1. e4 c5 2. Nf3 e6 3. d4 cxd4 4. Nxd4 d6 5. Nc3 Nf6 6. Be3 Be7 7. f4 O-O 8. Be2
a6 9. O-O Qc7 10. Kh1 b5 11. a3 Bb7 12. Bf3 Nbd7 13. Nde2 Nb6 14. Qd4 Nc4 15.
Bc1 d5 16. e5 Bc5 17. Qd3 Nd7 18. b3 Ncxe5 19. fxe5 Nxe5 20. Qd1 Nxf3 21. gxf3
Rad8 22. b4 Bb6 23. Qd3 e5 24. Qf5 g6 25. Bh6 f6 26. Qg4 f5 27. Qg5 Rf7 28. Qd2
d4 29. Nd1 e4 30. Nf4 Rc8 31. Rc1 Qc4 32. Rg1 Qc6 33. Rg3 Rd8 34. h4 Kh8 35. h5
gxh5 36. Nxh5 e3 37. Qh2 Qxh6 38. Nxe3 Qxe3 39. Rf1 Bc7 40. Qh4 Qe7 41. Rg5 d3
42. cxd3 Rxd3 43. Nf4 Bxf4 44. Qxf4 Qd6 45. Rfg1 Rf8 0-1

[Event "Schachfestival Basel"]
[Site "?"]
[Date "2017.01.06"]
[Round "6.45"]
[White "Pajeken, Jakob Leon"]
[Black "Kokje, Joris"]
[Result "1/2-1/2"]
[WhiteElo "1977"]
[BlackElo "2093"]
[PlyCount "73"]
[EventDate "2017.01.??"]
[EventType "swiss"]
[EventRounds "9"]

1. e4 c5 2. Nf3 d6 3. d4 cxd4 4. Nxd4 Nf6 5. Nc3 a6 6. Be2 e5 7. Nb3 Be7 8. O-O
O-O 9. Re1 Be6 10. Bf3 Nbd7 11. a4 Qb8 12. Be3 Bd8 13. Nc1 Ba5 14. Bd2 Qc7 15.
Rb1 Bxc3 16. Bxc3 Rac8 17. Re3 Rfd8 18. Ra1 Nc5 19. Qe2 Bd7 20. a5 Bb5 21. Qe1
Na4 22. Na2 Qe7 23. b3 Nxc3 24. Nxc3 Rc5 25. b4 Rc6 26. Nxb5 axb5 27. c3 Rc4
28. Rd1 Qc7 29. h3 Rc8 30. Qd2 Rd8 31. Qe1 Kf8 32. g4 h6 33. Bg2 Rc8 34. Rdd3
b6 35. axb6 Qxb6 36. Bf1 Qc6 37. f3 1/2-1/2

[Event "Schachfestival Basel"]
[Site "?"]
[Date "2017.01.06"]
[Round "6.46"]
[White "Probst, Andreas"]
[Black "Schmider, Niklas"]
[Result "0-1"]
[WhiteElo "2093"]
[BlackElo "2065"]
[PlyCount "90"]
[EventDate "2017.01.??"]
[EventType "swiss"]
[EventRounds "9"]

1. e4 c5 2. Nf3 d6 3. d3 Nf6 4. g3 d5 5. e5 Nfd7 6. Bg2 Nc6 7. Bf4 e6 8. O-O
Be7 9. h4 f6 10. exf6 Bxf6 11. Nc3 e5 12. Bg5 Nb6 13. Bxf6 gxf6 14. a4 a5 15.
Nh2 Be6 16. Qh5+ Kd7 17. Nb5 Qe7 18. c4 Rad8 19. Ng4 dxc4 20. dxc4 Nxc4 21.
Rac1 Kc8 22. Rc3 Nxb2 23. Ne3 Nd4 24. Nxd4 exd4 25. Rxc5+ Kb8 26. Rb5 Rd7 27.
Nf5 Bxf5 28. Qxf5 Nc4 29. Rfb1 Nd6 30. Qf4 Rc7 31. Rxa5 d3 32. Qd4 d2 33. Kh2
Qe1 34. Bh3 Rc6 35. Qxf6 Qxb1 36. Qxh8+ Kc7 37. Qg7+ Kb6 38. Qg5 d1=Q 39. Bg2
Rc1 40. Qd8+ Rc7 41. Rd5 Qg1+ 42. Kh3 Qxg2+ 43. Kxg2 Qe4+ 44. Kh2 Qxd5 45. a5+
Kc6 0-1

[Event "Schachfestival Basel"]
[Site "?"]
[Date "2017.01.06"]
[Round "6.47"]
[White "Kolb, Markus"]
[Black "Braeunlin, Klaus"]
[Result "1-0"]
[WhiteElo "2091"]
[BlackElo "1965"]
[PlyCount "115"]
[EventDate "2017.01.??"]
[EventType "swiss"]
[EventRounds "9"]

1. c4 g6 2. g3 Bg7 3. Bg2 c6 4. Nc3 e5 5. e4 d6 6. Nge2 Bg4 7. O-O Nd7 8. d3
Qc7 9. Be3 Ne7 10. Qd2 O-O 11. b4 Rad8 12. Rab1 b6 13. f3 Be6 14. Rfc1 Nf6 15.
b5 Qd7 16. a4 c5 17. Ra1 Ne8 18. a5 f5 19. Bf2 Nc8 20. axb6 axb6 21. Rcb1 h6
22. Nd5 Bxd5 23. cxd5 Qf7 24. Nc3 g5 25. Bh3 Ne7 26. Ra7 Qf6 27. Nd1 h5 28. Be3
Bh6 29. Rba1 Ng7 30. Rb7 Nc8 31. Nb2 f4 32. Bf2 g4 33. fxg4 fxg3 34. Be3 gxh2+
35. Kxh2 Bxe3 36. Qxe3 Qf2+ 37. Qxf2 Rxf2+ 38. Kg3 Rxb2 39. gxh5 Nxh5+ 40. Kf3
Rf8+ 41. Ke3 Nf4 42. Rg1+ Kh8 43. Bf5 Rh2 44. Kf3 Rh3+ 45. Rg3 Rxg3+ 46. Kxg3
Rg8+ 47. Kh4 Ng6+ 48. Kg5 Nge7+ 49. Kf6 Rf8+ 50. Ke6 Kg7 51. Rxe7+ Nxe7 52.
Kxe7 Rf6 53. Be6 Rf3 54. Kxd6 Kf6 55. Kd7 Rxd3 56. d6 Ra3 57. Bd5 Ra4 58. Kc8
1-0

[Event "Schachfestival Basel"]
[Site "?"]
[Date "2017.01.06"]
[Round "6.48"]
[White "Harringer, Manfred"]
[Black "Xheladini, Mahmut"]
[Result "0-1"]
[WhiteElo "2009"]
[BlackElo "2171"]
[PlyCount "54"]
[EventDate "2017.01.??"]
[EventType "swiss"]
[EventRounds "9"]

1. e4 c6 2. d4 d6 3. Nf3 Nd7 4. Be2 e5 5. O-O Ngf6 6. Nc3 Be7 7. a4 Qc7 8. Be3
Nf8 9. Nh4 g6 10. f4 exf4 11. Bxf4 Ne6 12. Bg3 Qb6 13. Nf3 Qxb2 14. Qd2 Qb6 15.
a5 Qd8 16. d5 Nc5 17. dxc6 bxc6 18. Rfd1 O-O 19. Qe3 d5 20. Nd4 Ncxe4 21. Nxe4
Nxe4 22. Nxc6 Bg5 23. Qb3 Qe8 24. Bb5 Bf6 25. Ne5 Qe7 26. Qxd5 Nxg3 27. Re1 Be6
0-1

[Event "Schachfestival Basel"]
[Site "?"]
[Date "2017.01.06"]
[Round "6.49"]
[White "Furman, Boris"]
[Black "Brait, Wolfgang"]
[Result "1-0"]
[WhiteElo "2205"]
[BlackElo "1923"]
[PlyCount "55"]
[EventDate "2017.01.??"]
[EventType "swiss"]
[EventRounds "9"]

1. d4 Nf6 2. c4 e6 3. Nc3 Bb4 4. Nf3 O-O 5. Bg5 c5 6. e3 h6 7. Bh4 cxd4 8. exd4
d5 9. cxd5 g5 10. Bg3 Qxd5 11. a3 Bxc3+ 12. bxc3 Ne4 13. Bd3 Nc6 14. Qc2 f5 15.
O-O Nxg3 16. fxg3 b6 17. g4 Ne7 18. Rae1 a5 19. gxf5 Nxf5 20. Be4 Qd6 21. Bxa8
Ba6 22. Qe4 Bxf1 23. Rxf1 Ng7 24. a4 Rf4 25. Qg6 Qd8 26. Be4 Rf6 27. Qh7+ Kf7
28. Ne5+ 1-0

[Event "Schachfestival Basel"]
[Site "?"]
[Date "2017.01.06"]
[Round "6.50"]
[White "Ernst, Heinz"]
[Black "Kutschenko, Roland"]
[Result "0-1"]
[WhiteElo "1998"]
[BlackElo "2101"]
[PlyCount "160"]
[EventDate "2017.01.??"]
[EventType "swiss"]
[EventRounds "9"]

1. d4 Nf6 2. c4 e6 3. Nc3 Bb4 4. Qc2 b6 5. Bg5 h6 6. Bxf6 Qxf6 7. a3 Bxc3+ 8.
Qxc3 Bb7 9. e3 O-O 10. Ne2 d6 11. Nf4 c5 12. Nh5 Qg6 13. Be2 Nd7 14. O-O-O Rfd8
15. Nf4 Qf6 16. d5 Qxc3+ 17. bxc3 e5 18. Nh3 e4 19. f4 exf3 20. gxf3 Ba6 21. f4
Re8 22. Kd2 Nf6 23. Nf2 Re7 24. Bd3 Rae8 25. Rhe1 Nh5 26. a4 g6 27. Ra1 f5 28.
a5 bxa5 29. Rxa5 Bc8 30. Raa1 Rb7 31. Reb1 Ree7 32. Bc2 Rxb1 33. Bxb1 Rb7 34.
Bc2 Kf7 35. Kc1 Ke7 36. Bd1 Nf6 37. Ba4 a6 38. Bc2 Rb6 39. Ra2 Kf7 40. Ra1 Nh5
41. Bd1 Nf6 42. h4 h5 43. Nh3 Ng4 44. Ng5+ Kf6 45. Bxg4 hxg4 46. Kc2 Kg7 47.
Rh1 Kh6 48. Ne6 Rb7 49. Kd3 Bxe6 50. dxe6 Kh5 51. Ra1 Re7 52. Rxa6 Rxe6 53. Ke2
Kxh4 54. Kf2 Kh5 55. Ra7 Kh6 56. Rd7 g3+ 57. Kf3 g2 58. Kxg2 Rxe3 59. Rxd6 Rxc3
60. Rc6 Rxc4 61. Kf3 Rc3+ 62. Ke2 Kh5 63. Kd2 Rc4 64. Ke3 g5 65. fxg5 Kxg5 66.
Rc8 Re4+ 67. Kf3 c4 68. Rg8+ Kf6 69. Rf8+ Ke5 70. Re8+ Kd4 71. Rd8+ Kc5 72. Rf8
Re5 73. Kf4 Kd4 74. Rd8+ Rd5 75. Rc8 Kd3 76. Rh8 c3 77. Rh3+ Kc2 78. Rh8 Kc1
79. Ke3 c2 80. Rb8 Kd1 0-1

[Event "Schachfestival Basel"]
[Site "?"]
[Date "2017.01.06"]
[Round "6.51"]
[White "Muetsch, Annmarie"]
[Black "Martig, Markus"]
[Result "0-1"]
[WhiteElo "2163"]
[BlackElo "2104"]
[PlyCount "54"]
[EventDate "2017.01.??"]
[EventType "swiss"]
[EventRounds "9"]

1. e4 g6 2. d4 Bg7 3. Nc3 b6 4. f4 Bb7 5. Nf3 d6 6. Bd3 c5 7. dxc5 bxc5 8. O-O
Qb6 9. Kh1 Bxc3 10. bxc3 Nf6 11. e5 Nd5 12. c4 Nc7 13. exd6 Qxd6 14. Bb2 O-O
15. Qe1 Nc6 16. Qh4 Ne6 17. f5 Ned4 18. Ng5 h5 19. c3 Ne5 20. Rad1 Nxd3 21.
Rxd3 Nxf5 22. Qh3 Qf6 23. Nf3 Rfd8 24. Rxd8+ Rxd8 25. Re1 Rd3 26. Kg1 Bxf3 27.
gxf3 Nh4 0-1

[Event "Schachfestival Basel"]
[Site "?"]
[Date "2017.01.07"]
[Round "7.1"]
[White "Safarli, Eltaj"]
[Black "Bai, Jinshi"]
[Result "1/2-1/2"]
[WhiteElo "2686"]
[BlackElo "2560"]
[PlyCount "37"]
[EventDate "2017.01.??"]
[EventType "swiss"]
[EventRounds "9"]

1. e4 e5 2. Nf3 Nf6 3. Nxe5 d6 4. Nf3 Nxe4 5. d4 d5 6. Bd3 Nc6 7. O-O Be7 8.
Nbd2 Bf5 9. Re1 Nxd2 10. Qxd2 Bxd3 11. Qxd3 O-O 12. Bf4 Bd6 13. Bxd6 Qxd6 14.
Re2 Rfe8 15. Rae1 Rxe2 16. Rxe2 h6 17. c3 a6 18. Nd2 Qd7 19. h3 1/2-1/2

[Event "Schachfestival Basel"]
[Site "?"]
[Date "2017.01.07"]
[Round "7.2"]
[White "Bauer, Christian"]
[Black "Svane, Rasmus"]
[Result "1-0"]
[WhiteElo "2635"]
[BlackElo "2560"]
[PlyCount "89"]
[EventDate "2017.01.??"]
[EventType "swiss"]
[EventRounds "9"]

1. c4 c6 2. d4 d5 3. cxd5 cxd5 4. Bg5 Nf6 5. Bxf6 exf6 6. Nc3 Bb4 7. Rc1 O-O 8.
e3 Bf5 9. Bd3 Bxd3 10. Qxd3 Nd7 11. Qb5 Bxc3+ 12. Rxc3 Nb6 13. Ne2 Rc8 14. O-O
Rxc3 15. Nxc3 Qd6 16. Rc1 Rc8 17. Ne2 Rxc1+ 18. Nxc1 g6 19. Nd3 Qe6 20. h3 Kg7
21. Nc5 Qf5 22. Qe8 Qb1+ 23. Kh2 Qxb2 24. Qe7 Kg8 25. Nxb7 Qb5 26. Nc5 Qc6 27.
Qxa7 Nc4 28. Qa6 Qc7+ 29. g3 Qd8 30. Kg2 h5 31. a4 h4 32. gxh4 f5 33. Qb7 Nd2
34. a5 Qxh4 35. Qb8+ Kh7 36. Qf4 Qh5 37. f3 Nc4 38. h4 Kg7 39. a6 Qh8 40. a7
Qe8 41. Ne6+ Qxe6 42. a8=Q Nxe3+ 43. Kh3 Nc4 44. Qh6+ Kxh6 45. Qh8# 1-0

[Event "Schachfestival Basel"]
[Site "?"]
[Date "2017.01.07"]
[Round "7.3"]
[White "Gao, Rui"]
[Black "Heimann, Andreas"]
[Result "1-0"]
[WhiteElo "2544"]
[BlackElo "2603"]
[PlyCount "103"]
[EventDate "2017.01.??"]
[EventType "swiss"]
[EventRounds "9"]

1. e4 c5 2. Nf3 d6 3. d4 cxd4 4. Qxd4 Nc6 5. Bb5 a6 6. Bxc6+ bxc6 7. O-O e5 8.
Qd3 Ne7 9. Na3 f6 10. Re1 Be6 11. Bd2 Ng6 12. h4 h5 13. Nc4 Be7 14. Bb4 c5 15.
Bd2 O-O 16. Ba5 Qb8 17. g3 Kh8 18. Bc3 f5 19. exf5 Bxf5 20. Qd5 Ra7 21. Nfd2
Qc8 22. Ne3 Be6 23. Qd3 Qe8 24. Qe2 Nxh4 25. gxh4 Bxh4 26. Nf3 Bd8 27. Nh2 Bh4
28. Rf1 Qg6+ 29. Kh1 Raf7 30. f3 e4 31. f4 d5 32. f5 Bxf5 33. Nxf5 Rxf5 34.
Rxf5 Rxf5 35. Rg1 Rg5 36. Rxg5 Qxg5 37. Qxa6 Kh7 38. Qe2 Bg3 39. Be1 Bd6 40. c4
Qe5 41. cxd5 Qxd5 42. Bc3 Bf4 43. a4 Kh6 44. a5 g5 45. Qa6+ Bd6 46. Qf1 Bf4 47.
a6 Qd7 48. Qe2 Qh3 49. a7 Bxh2 50. Qg2 Qc8 51. Qxe4 Bf4 52. Qg2 1-0

[Event "Schachfestival Basel"]
[Site "?"]
[Date "2017.01.07"]
[Round "7.4"]
[White "Kunin, Vitaly"]
[Black "Karthikeyan, P."]
[Result "1/2-1/2"]
[WhiteElo "2576"]
[BlackElo "2488"]
[PlyCount "44"]
[EventDate "2017.01.??"]
[EventType "swiss"]
[EventRounds "9"]

1. d4 Nf6 2. c4 e6 3. Nf3 d5 4. Nc3 dxc4 5. e4 Bb4 6. Bg5 c5 7. e5 cxd4 8. Qa4+
Nc6 9. O-O-O Bd7 10. Ne4 Be7 11. exf6 gxf6 12. Bh4 Qc7 13. Qxc4 Qf4+ 14. Ned2
Rc8 15. Kb1 e5 16. Bg3 Qf5+ 17. Bd3 Nb4 18. Qxc8+ Bxc8 19. Bxf5 Bxf5+ 20. Ka1
Nc2+ 21. Kb1 Nb4+ 22. Ka1 Nc2+ 1/2-1/2

[Event "Schachfestival Basel"]
[Site "?"]
[Date "2017.01.07"]
[Round "7.5"]
[White "Beukema, Stefan"]
[Black "Abasov, Nijat Azad"]
[Result "0-1"]
[WhiteElo "2398"]
[BlackElo "2561"]
[PlyCount "120"]
[EventDate "2017.01.??"]
[EventType "swiss"]
[EventRounds "9"]

1. e4 c5 2. Nf3 Nc6 3. d4 cxd4 4. Nxd4 Qb6 5. Nb3 Nf6 6. Nc3 e6 7. a3 a6 8. Be3
Qc7 9. f4 d6 10. g4 b5 11. g5 Nd7 12. Qf3 Bb7 13. h4 Rc8 14. Rh2 Be7 15. h5 b4
16. axb4 Nxb4 17. Bd4 O-O 18. g6 e5 19. gxh7+ Kh8 20. fxe5 dxe5 21. Be3 f5 22.
h6 Bf6 23. O-O-O Bxe4 24. Nxe4 Nxc2 25. Rxd7 Nd4+ 26. Rxc7 Rxc7+ 27. Nec5 Nxf3
28. hxg7+ Bxg7 29. Rc2 Kxh7 30. Bxa6 Bh6 31. Rc3 Nd4 32. Bxh6 Nxb3+ 33. Kb1
Kxh6 34. Rh3+ Kg6 35. Nxb3 Rd8 36. Bd3 e4 37. Bc2 Kf6 38. Na5 Rd2 39. Nc6 Rxc2
40. Kxc2 Rxc6+ 41. Kd2 Ke5 42. b4 Kd4 43. b5 Rb6 44. Rb3 Kc4 45. Rc3+ Kxb5 46.
Rc8 Rd6+ 47. Ke2 Rd5 48. Ke3 Rd3+ 49. Kf4 Rf3+ 50. Ke5 e3 51. Kd4 f4 52. Re8
Rf1 53. Kd3 Rd1+ 54. Kc2 Ra1 55. Kd3 Rd1+ 56. Kc2 Rd7 57. Kc3 Rf7 58. Kd3 f3
59. Rb8+ Kc6 60. Rb1 Re7 0-1

[Event "Schachfestival Basel"]
[Site "?"]
[Date "2017.01.07"]
[Round "7.6"]
[White "Van Foreest, Lucas"]
[Black "Donchenko, Alexander"]
[Result "1/2-1/2"]
[WhiteElo "2356"]
[BlackElo "2559"]
[PlyCount "57"]
[EventDate "2017.01.??"]
[EventType "swiss"]
[EventRounds "9"]

1. e4 c6 2. d4 d5 3. Nd2 dxe4 4. Nxe4 Nd7 5. Nf3 Ngf6 6. Nxf6+ Nxf6 7. Be2 g6
8. O-O Bg7 9. c3 O-O 10. Bg5 Qb6 11. Qb3 Qc7 12. Rfe1 Be6 13. Bc4 Bd5 14. Bxf6
Bxc4 15. Rxe7 Qxe7 16. Bxe7 Bxb3 17. Bxf8 Bd5 18. Bxg7 Bxf3 19. gxf3 Kxg7 20.
Re1 Kf8 21. f4 f6 22. Kg2 Rd8 23. Kf3 Rd5 24. b4 Kf7 25. a3 Rh5 26. Kg3 a5 27.
Re2 Rd5 28. Rb2 Ke6 29. Re2+ 1/2-1/2

[Event "Schachfestival Basel"]
[Site "?"]
[Date "2017.01.07"]
[Round "7.7"]
[White "Korpa, Bence"]
[Black "Chu, Wei Chao"]
[Result "1-0"]
[WhiteElo "2473"]
[BlackElo "2289"]
[PlyCount "69"]
[EventDate "2017.01.??"]
[EventType "swiss"]
[EventRounds "9"]

1. e4 c5 2. Nf3 d6 3. d4 cxd4 4. Nxd4 Nf6 5. Nc3 a6 6. h3 e5 7. Nde2 h5 8. Bg5
Be7 9. Ng3 h4 10. Nf5 Bxf5 11. exf5 Nbd7 12. Bc4 Rc8 13. Bb3 Rh5 14. Bxf6 Nxf6
15. Qd3 Kf8 16. g4 hxg3 17. fxg3 e4 18. Nxe4 Qa5+ 19. Nc3 Qe5+ 20. Kf2 Rxc3 21.
bxc3 Ne4+ 22. Kg2 Rg5 23. g4 Qf4 24. Qf3 Qd2+ 25. Kg1 Nxc3 26. Qd3 Ne2+ 27. Kf1
Qxd3 28. cxd3 Ng3+ 29. Kg2 Nxh1 30. Bd1 Bf6 31. Rc1 Bd4 32. Kxh1 Bf2 33. Kg2
Bh4 34. Rc8+ Ke7 35. Rh8 1-0

[Event "Schachfestival Basel"]
[Site "?"]
[Date "2017.01.07"]
[Round "7.8"]
[White "Van Foreest, Jorden"]
[Black "Filipovic, Branko"]
[Result "1-0"]
[WhiteElo "2612"]
[BlackElo "2402"]
[PlyCount "87"]
[EventDate "2017.01.??"]
[EventType "swiss"]
[EventRounds "9"]

1. e4 e6 2. d4 a6 3. Bd3 d5 4. exd5 exd5 5. Nf3 Nc6 6. c3 Bd6 7. O-O Nge7 8.
Re1 Bg4 9. Nbd2 h6 10. Nf1 O-O 11. Ng3 Bxg3 12. hxg3 Qd7 13. Qc2 Rfe8 14. Nh4
Ng6 15. Bd2 Nxh4 16. gxh4 Ne7 17. Bf4 Bh5 18. Re5 Bg6 19. h5 Bxd3 20. Qxd3 Nc6
21. Ree1 Ne7 22. Qg3 Nf5 23. Qg4 Re6 24. Kh2 g6 25. hxg6 fxg6 26. Bxh6 Rae8 27.
Rxe6 Rxe6 28. Bf4 Qh7+ 29. Kg1 c6 30. Be5 Qh4 31. Qxh4 Nxh4 32. f4 Nf5 33. Kf2
Re7 34. g4 Nh6 35. Kf3 Rh7 36. Re1 Nf7 37. Kg3 Kf8 38. Bc7 g5 39. fxg5 Nxg5 40.
Bd6+ Kf7 41. Re7+ Kg6 42. Rxh7 Kxh7 43. Kf4 Nf7 44. Be7 1-0

[Event "Schachfestival Basel"]
[Site "?"]
[Date "2017.01.07"]
[Round "7.9"]
[White "Schroeder, Jan Christian"]
[Black "Anwesh, Upadhyaya"]
[Result "1/2-1/2"]
[WhiteElo "2550"]
[BlackElo "2384"]
[PlyCount "165"]
[EventDate "2017.01.??"]
[EventType "swiss"]
[EventRounds "9"]

1. d4 d5 2. Nf3 Nf6 3. Bf4 c5 4. e3 Nc6 5. Nbd2 Qb6 6. dxc5 Qxc5 7. Nb3 Qb6 8.
a4 a6 9. a5 Qd8 10. c3 Bg4 11. Nbd4 Bxf3 12. gxf3 e6 13. Rg1 g6 14. Nxc6 bxc6
15. Qa4 Qc8 16. Qd4 Be7 17. Be5 Qd8 18. Qb6 Qc8 19. Qd4 Qd8 20. h4 O-O 21. Bd3
Nd7 22. h5 Nxe5 23. Qxe5 Bf6 24. Qg3 Bg7 25. Ra4 Qb8 26. hxg6 hxg6 27. Qxb8
Rfxb8 28. Ra2 c5 29. c4 Bxb2 30. Kd2 Bf6 31. Rc1 d4 32. Rb1 Rxb1 33. Bxb1 Rb8
34. Bc2 g5 35. Kd3 Rd8 36. Ke2 Rb8 37. Kd3 Kg7 38. Ke2 Be5 39. Kd3 f5 40. Ra3
dxe3 41. fxe3 Kf6 42. Ba4 Bc7 43. Bc6 Rb2 44. Bd7 Rb8 45. Bc6 Ke7 46. Ra2 Rb3+
47. Ke2 Kd6 48. Ba8 Rb4 49. Rd2+ Ke5 50. Ra2 Kf6 51. Kd3 Rb3+ 52. Ke2 g4 53.
fxg4 fxg4 54. Bc6 Ke5 55. Bd7 Rb8 56. Kf2 Kd6 57. Rd2+ Ke7 58. Bc6 Bd6 59. Be4
Rb3 60. Ra2 Kd7 61. Bc2 Rc3 62. Bd1 g3+ 63. Kf3 Rc1 64. Be2 Rh1 65. Bd3 Rc1 66.
Be4 Kc7 67. Bd3 Be5 68. Be2 Rb1 69. Bd3 Rb3 70. Ke4 Bb2 71. Bf1 Bc1 72. Bd3 Bb2
73. Bf1 Bc3 74. Bh3 Kd6 75. Re2 Rb1 76. Kf4 Be1 77. e4 Ra1 78. e5+ Ke7 79. Rb2
Rxa5 80. Rb7+ Kf8 81. Rb8+ Ke7 82. Rb7+ Kf8 83. Rb8+ 1/2-1/2

[Event "Schachfestival Basel"]
[Site "?"]
[Date "2017.01.07"]
[Round "7.10"]
[White "Gomes, Mary Ann"]
[Black "Bellahcene, Bilel"]
[Result "0-1"]
[WhiteElo "2299"]
[BlackElo "2493"]
[PlyCount "66"]
[EventDate "2017.01.??"]
[EventType "swiss"]
[EventRounds "9"]

1. Nf3 d5 2. c4 d4 3. g3 c5 4. d3 Nc6 5. Bg2 e5 6. O-O Bd6 7. e3 Nge7 8. Na3
O-O 9. exd4 cxd4 10. Nc2 a5 11. Re1 f6 12. b3 Bg4 13. h3 Bf5 14. a3 Qd7 15. Kh2
Rab8 16. Bf1 b5 17. Nd2 bxc4 18. bxc4 Kh8 19. Ne4 Bxe4 20. Rxe4 f5 21. Rh4 Ng8
22. Bg5 Be7 23. Qh5 h6 24. Bg2 Rb2 25. Ne1 Rxf2 26. Kg1 Bxg5 27. Qxg5 Re2 28.
Rb1 Rb8 29. Rxb8 Nxb8 30. Kf1 Rb2 31. Qg6 e4 32. g4 Qe7 33. g5 exd3 0-1

[Event "Schachfestival Basel"]
[Site "?"]
[Date "2017.01.07"]
[Round "7.11"]
[White "Kevlishvili, Robby"]
[Black "Rahnfeld, Jens"]
[Result "1/2-1/2"]
[WhiteElo "2417"]
[BlackElo "2274"]
[PlyCount "63"]
[EventDate "2017.01.??"]
[EventType "swiss"]
[EventRounds "9"]

1. e4 c5 2. Nf3 d6 3. d4 cxd4 4. Nxd4 Nf6 5. Nc3 a6 6. Be3 e6 7. f3 b5 8. Qd2
Nbd7 9. O-O-O Bb7 10. g4 Nb6 11. a3 Rc8 12. Kb1 Nc4 13. Bxc4 Rxc4 14. Nb3 Be7
15. Bd4 O-O 16. Rhg1 Nd7 17. Ne2 Ne5 18. Rg3 Rc8 19. Na5 Nc4 20. Nxc4 Rxc4 21.
Bc3 Ba8 22. g5 d5 23. b3 Rc8 24. Qd4 f6 25. gxf6 Bxf6 26. e5 Be7 27. Qg4 Rf7
28. Qxe6 Bxa3 29. Qxa6 Bf8 30. e6 Rfc7 31. Ba5 Rc6 32. Qxc6 1/2-1/2

[Event "Schachfestival Basel"]
[Site "?"]
[Date "2017.01.07"]
[Round "7.12"]
[White "Deepan Chakkravarthy, J."]
[Black "Roe, Simon J"]
[Result "1-0"]
[WhiteElo "2485"]
[BlackElo "2211"]
[PlyCount "119"]
[EventDate "2017.01.??"]
[EventType "swiss"]
[EventRounds "9"]

1. d4 Nf6 2. Nf3 c5 3. c3 e6 4. Bf4 d5 5. e3 Nc6 6. Nbd2 Bd6 7. Bg3 O-O 8. Bb5
Ne7 9. Bd3 cxd4 10. exd4 Nf5 11. Ne5 a6 12. a4 Qe7 13. Qe2 Bd7 14. f4 Qe8 15.
a5 Bb5 16. Bf2 Bxd3 17. Nxd3 Qb5 18. h3 Bc7 19. b4 Rac8 20. g3 Nd6 21. Nc5 Qc6
22. O-O Bb8 23. Rfc1 Ba7 24. g4 Rfe8 25. Ra2 Bb8 26. Be3 Rcd8 27. Rf1 Ba7 28.
Rd1 Qc7 29. Qd3 g6 30. Bf2 Bxc5 31. bxc5 Nde4 32. Bh4 Rd7 33. Bxf6 Nxf6 34. Qe3
Kg7 35. Qe5 Qxe5 36. fxe5 Ng8 37. Rb2 Rc8 38. Rdb1 Rcc7 39. Rf1 Ne7 40. Nb3 Nc6
41. h4 h6 42. h5 g5 43. Rf3 Rc8 44. Kf1 Re7 45. Rbf2 Rd7 46. Ke2 Rcc7 47. Kd3
Rc8 48. Kc2 Rcc7 49. Kb2 Rc8 50. Ka3 Re7 51. Ka4 Rg8 52. Nc1 Nb8 53. Nd3 Nd7
54. Rb2 Nb8 55. Rb6 Nc6 56. Nb4 Rc8 57. Nxc6 Rxc6 58. c4 dxc4 59. Kb4 Re8 60.
Rxb7 1-0

[Event "Schachfestival Basel"]
[Site "?"]
[Date "2017.01.07"]
[Round "7.13"]
[White "Hamblok, Roel"]
[Black "Pelletier, Yannick"]
[Result "1-0"]
[WhiteElo "2294"]
[BlackElo "2576"]
[PlyCount "65"]
[EventDate "2017.01.??"]
[EventType "swiss"]
[EventRounds "9"]

1. d4 d5 2. Bf4 Nf6 3. e3 e6 4. Nd2 c5 5. c3 Nc6 6. Ngf3 Bd6 7. Bg3 O-O 8. Bd3
b6 9. Qe2 Bb7 10. Rd1 h6 11. Ne5 Ne7 12. Bh4 Nd7 13. f4 f6 14. Qg4 f5 15. Qh3
Nf6 16. Bxf6 Rxf6 17. Ndf3 cxd4 18. cxd4 Bxe5 19. Nxe5 Nc6 20. g4 Qf8 21. a3
Nxe5 22. fxe5 Rf7 23. Rg1 Kh8 24. Rd2 Rc8 25. Kd1 f4 26. g5 fxe3 27. gxh6 g6
28. Qxe3 Rf4 29. Rdg2 Qxh6 30. Rxg6 Rf1+ 31. Ke2 Rc2+ 32. Bxc2 Ba6+ 33. Bd3 1-0

[Event "Schachfestival Basel"]
[Site "?"]
[Date "2017.01.07"]
[Round "7.14"]
[White "Collins, Sam"]
[Black "Bao, Qilin"]
[Result "1/2-1/2"]
[WhiteElo "2455"]
[BlackElo "2343"]
[PlyCount "155"]
[EventDate "2017.01.??"]
[EventType "swiss"]
[EventRounds "9"]

1. e4 e5 2. Nf3 Nf6 3. Nxe5 d6 4. Nf3 Nxe4 5. Nc3 Nxc3 6. dxc3 Be7 7. Be3 Nc6
8. Qd2 Be6 9. O-O-O Qd7 10. Kb1 Bf6 11. Bg5 Qe7 12. Bb5 a6 13. Bxc6+ bxc6 14.
Qf4 Bxg5 15. Nxg5 Qf6 16. Nxe6 fxe6 17. Qa4 Kd7 18. f3 Rhb8 19. Rd4 Rb5 20.
Rhd1 Rab8 21. b3 a5 22. Qc4 Qg6 23. R1d2 h6 24. Kb2 R8b6 25. Qe2 Qf6 26. Qe3
Rb7 27. a4 Re5 28. Qd3 Rb6 29. Ka2 Rd5 30. Qe3 Qg5 31. Qf2 Qf6 32. Qe3 Qg5 33.
Qf2 Qf6 34. c4 Rxd4 35. Rxd4 Rb8 36. Qd2 g5 37. Re4 Qf5 38. Qc3 Rg8 39. h3 h5
40. Qd4 Re8 41. Kb2 Rf8 42. Qd2 Rf7 43. Ka2 Rf8 44. Qc3 Rf7 45. Kb1 Rf8 46. Qe1
Rb8 47. Kb2 Re8 48. Qc3 Rf8 49. Qe3 Rg8 50. Qe2 Re8 51. Kb1 Rb8 52. Ka2 Re8 53.
Qd3 Rf8 54. Qd2 Rg8 55. Kb1 Rb8 56. Ka2 Rf8 57. Qd4 Rf7 58. Qc3 Rf8 59. c5 Rg8
60. Qxa5 g4 61. hxg4 Rxg4 62. Re2 Rg5 63. Qa8 Qxc5 64. Qh8 Re5 65. Qh7+ Kc8 66.
Rxe5 Qxe5 67. Qe4 Qxe4 68. fxe4 c5 69. Kb2 Kb7 70. Kc3 d5 71. Kd3 Kb6 72. exd5
exd5 73. g3 Ka5 74. c3 c4+ 75. bxc4 dxc4+ 76. Kxc4 Kxa4 77. Kd5 Kb3 78. Kd4
1/2-1/2

[Event "Schachfestival Basel"]
[Site "?"]
[Date "2017.01.07"]
[Round "7.15"]
[White "Meier, Volker"]
[Black "Benkovic, Petar"]
[Result "1/2-1/2"]
[WhiteElo "2284"]
[BlackElo "2424"]
[PlyCount "27"]
[EventDate "2017.01.??"]
[EventType "swiss"]
[EventRounds "9"]

1. c4 e6 2. Nf3 Nf6 3. g3 d5 4. Bg2 Be7 5. O-O O-O 6. d4 Nbd7 7. Qc2 c6 8. Nbd2
b6 9. b3 Bb7 10. Bb2 Qb8 11. e4 Rc8 12. Rfe1 a5 13. a3 Qc7 14. Rac1 1/2-1/2